Gesetzliche Feiertage in Deutschland - Statistiken

Allgemein
  • Dieses Quiz wurde 252 mal gespielt
  • Das Durchschnittsergebnis liegt bei 12 aus 20
Antwortstatistiken
Gesetzlicher Feiertag in folgenden Bundesländern: Feiertag % Korrekt
Bundesweit Neujahr
89%
Bundesweit Ostermontag
86%
Bundesweit Karfreitag
85%
Bundesweit Tag der deutschen Einheit
85%
Brandenburg (Einzig das Land Brandenburg behandelt den Ostersonntag explizit als gesetzlichen Feiertag) Ostersonntag
82%
Bundesweit Christi Himmelfahrt
80%
Bundesweit Pfingstmontag
80%
Bundesweit Tag der Arbeit
69%
Baden-Württemberg, Bayern, Sachsen-Anhalt Heilige Drei Könige
66%
Brandenburg (Einzig das Land Brandenburg behandelt den Pfingstsonntag explizit als Feiertag (§ 2 Abs. 1 des Feiertagsgesetzes für das Land Brandenburg)) Pfingstsonntag
66%
Baden-Württemberg, Bayern, Nordrhein-Westfalen, Rheinland-Pfalz, Saarland Allerheiligen
65%
Baden-Württemberg, Bayern, Hessen, Nordrhein-Westfalen, Rheinland-Pfalz, Saarland In Sachsen nur teilweise.* In Thüringen nur teilweise.** Fronleichnam
59%
Brandenburg, Bremen, Hamburg, Mecklenburg-Vorpommern, Niedersachsen, Sachsen, Sachsen-Anhalt, Schleswig-Holstein,Thüringen Reformationstag
59%
Bundesweit 1. Weihnachtsfeiertag
58%
Bundesweit 2. Weihnachtsfeiertag
58%
Saarland In Bayern nur teilweise.*** Mariä Himmelfahrt
56%
Sachsen Buß- und Bettag
43%
Nur im Stadtgebiet von Augsburg (nicht jedoch im angrenzenden Umland) Augsburger Friedensfest
13%
Berlin Internationaler Frauentag
13%
Thüringen Weltkindertag
12%
Keine übereinstimmenden Quizze gefunden
Verteilung der Resultate
Anzahl Personen mit jedem Resultat
Perzentil nach korrekt beantworteten Fragen
Ihre Resultats-Entwicklung
Sie haben dieses Quiz noch nicht gespielt